000 00640nam a22001697a 4500
003 MACL
005 20150714153613.0
008 150714b xxu||||| |||| 00| 0 eng d
040 _cMACL
041 _aHindi
082 _a741.642
100 _4177/2
_aलाल, राजेन्‍द्र बिहारी
_92086
245 _aवैज्ञानिक वृत्ति और सत्‍य की खोज/भारत में कृषि
260 _aदिल्‍ली
_bनेशनल बुक ट्रस्‍ट
_c1999
650 _aचिल्‍ड्रन बुक्‍स
_9343
942 _2ddc
_cHIN
999 _c50142
_d50142